000
00306 a2200145 4500
001
170581
020
_a
040
_c
Magnum
100
_a
Vilarrubias, Pia
240
1
0
_a
Kiko sale del libro
_l
ESP
245
1
0
_a
Kiko sale del libro
362
0
_a
1899
697
_a
LITERATURA ESTRANGEIRA
942
_c
BK
999
_c
170581
_d
170581